[Event "Fujitsu Siemens Giants"]
[Site "Frankfurt"]
[Date "2000.06.22"]
[Round "2"]
[White "Shirov, Alexei"]
[Black "Kramnik, Vladimir"]
[Result "1/2-1/2"]
[WhiteElo "2751"]
[BlackElo "2758"]
[Annotator "Golod,V"]
[PlyCount "185"]
[EventDate "2000.06.22"]
[EventType "tourn"]
[EventRounds "10"]
[EventCountry "GER"]
[EventCategory "21"]
[SourceTitle "CBM 078"]
[Source "ChessBase"]
[SourceDate "2000.10.18"]
[SourceVersion "1"]
[SourceVersionDate "2000.10.18"]
[SourceQuality "1"]

1. e4 c5 2. Nf3 Nc6 3. d4 cxd4 4. Nxd4 Nf6 5. Nc3 e6 6. Nxc6 bxc6 7. e5 Nd5 8.
Ne4 Bb7 $5 (8... Qc7 $5 {It's main line.See comments to Hector,J-Ziegler,A/
Goteborg,1999/CBM 69 (1-0) (Golod,V)(37). Besides:8...Qa5;8...f5;8...Qh4;  8...
Ba6; 8...Be7;8...Qb6;8...c5 and 8...h6-was checked in the previous games.}) 9.
Be2 (9. c4 $5 {See comments to Khachian,M-Halkias,S/Yerevan,2000/CBM 78 (0-1)
(Golod,V)(39)}) 9... c5 $5 {/^a8-h1,/\Qc7(קe5)} 10. O-O {With the idea c4 and
Nd6.} ({Dubious immediately:} 10. c4 {in view of:} Ne3 $1 11. Bxe3 Bxe4 12. f3
Bc6 $11) 10... Qc7 11. c4 $5 $146 {[%mdl 8] New attempt of white to get
advantage in this position.} ({After:} 11. f4 {black has two equals options:11.
..c4 or 11...f5}) (11. Nd6+ $5 {See my comments to three games: 1)Kasparov,
G-Leko,P/Linares,1999/CBM 70  (1/2-1/2)(48); 2)Svidler,P-Illescas Cordoba,M/
Dos  Hermanas,1999/CBM 71(1/2-1/2)(26) 3)Anand,V-Leko,P/Dortmund,1999/CBM 72 
(1/2-1/2)(29).}) 11... Ne3 $140 ({Very perilously:} 11... Qxe5 {because of:}
12. cxd5 Qxe4 13. Bf3 Qb4 $8 (13... Qc4 $2 14. dxe6 {[%csl Rb7,Rd7][%cal Gd1d7]
} d5 15. b3 $16) 14. Bd2 $1 Qb6 (14... Qxb2 $4 15. Rb1 {[%csl Rb7]}) 15. Bc3 {
with strong pressure of white.}) ({Too passive move:} 11... Nb6 12. Nd6+ Bxd6
13. exd6 Qc8 (13... Qc6 14. Bf3 Qc8 15. Bxb7 Qxb7 16. Qg4 $14) 14. Be3 $14 (14.
Qb3 $5 {[%cal Gb3g3] Fritz,6})) 12. Nd6+ ({Black equalizes after:} 12. Bxe3 $6
Bxe4) 12... Bxd6 {Now black has a forced transfer to slight worse endgame.} (
12... Qxd6 $2 13. exd6 Nxd1 14. Rxd1 $16 {and white's plan is:Be3,a3 and b4.})
13. exd6 Qc6 (13... Nxd1 $4 14. dxc7 $18 {[%csl Rd1]}) 14. Bf3 $8 Nxd1 ({Badly:
} 14... Qxf3 15. Qxf3 Bxf3 16. Bxe3 Be2 17. Rfc1 Rc8 18. f3 Rc6 (18... Bd3 19.
Rc3 Bf5 20. Ra3 $16) 19. Kf2 Bd3 20. Rc3 Bg6 (20... Rxd6 $4 21. Rd1) 21. Rb3 $1
O-O $140 22. Rb7 $16) 15. Bxc6 Bxc6 16. Rxd1 {[%mdl 4096] +/=/=} O-O {[%csl
Rc5][%cal Yf8c8,Yc8c5]} 17. Be3 Rfc8 18. Rac1 ({Senselessly:} 18. Bxc5 $2 {
because of:} Ba4 $1 {[%csl Ga4,Rc5,Gc8,Rd1]} (18... Bxg2 $143 19. b4 $13) 19.
b3 (19. b4 Bxd1 20. Rxd1 a5 21. a3 axb4 22. axb4 Ra2 $15 {[%csl Rc4][%cal
Ga2c2,Gc8a8]}) 19... Rxc5 20. bxa4 Rxc4 $15) 18... Rab8 19. Rd2 {[%csl Yd2]} ({
Leads to equality:} 19. b3 a5 {[%cal Ga5a4]} 20. Bxc5 Bxg2 21. Ba7 Rb7 22. Kxg2
Rxa7) 19... Be4 $5 {[%csl Rc5,Yc8] /^b1-h7} 20. f3 Bg6 21. Rc3 $5 {[%csl Ra7,
Rc5][%cal Gc3a3,Ga3a5,Ga5c5,Ga3a7]} Rb6 {[%mdl 256]} ({Leads to same position:
} 21... a6 22. Ra3 Rc6 23. Ra5 Rbc8) 22. Ra3 a6 23. Ra5 Rbc6 24. b4 $5 {
Non-standard,but necessary sacrifice of pawn.} ({After:} 24. Rd1 {/\Rc1-c3-a3
black has a easy protective move:} Rb8 {[%csl Rb2]}) 24... cxb4 25. c5 b3 $1 {
In my opinion it's sound decision.} ({A little worse is:} 25... Rb8 26. Rb2 b3
27. Rxb3 Rxb3 28. axb3 Bd3 29. Kf2 {+/=/=}) 26. axb3 Rb8 27. Rb2 Bd3 {[%csl
Yb8,Yc6,Yd3] /^a6-f1} 28. b4 f6 29. Ra3 Bc4 30. f4 $5 {[%csl Yf4][%cal Yf4e5,
Yf4g5] Against advance e5 or g5.} h6 {[%cal Gg7g5]} 31. Bd4 Kf7 32. h4 {
[%csl Yf4,Yh4][%cal Yh4g5,Yf4g5]} h5 $5 $11 33. Kf2 Rcc8 34. Ke1 {In endgame
stage K must take part in the struggle!} Rb7 35. Kd2 Bb5 36. Kc3 {[%csl Rb4,
Yc3][%cal Yc3b4]} Rbb8 37. Ra1 f5 {Not obligatory,prophylactic move.From my
point of view slightly better is:} (37... Kg6 $5 {[%cal Gg6f5]}) 38. Rba2 {
[%cal Ga5a6,Ga2a6]} Rc6 39. Re1 g6 40. Ra5 {+/=/=} Rb7 41. Rea1 Rb8 42. Be5 Rb7
43. Re1 {White's plan is: Re3-g3-g5 and perhaps g4.} Rb8 44. Re3 Rb7 45. Rg3
Rb8 46. Ra1 Be2 47. Re1 Bb5 ({Quite dubious:} 47... Bg4 48. Kc4 {/\Ra3-a5 and
so on.}) 48. Bd4 Rbc8 ({It deserves attention:} 48... a5 $5 49. bxa5 Ba4 {
[%csl Rg3][%cal Gb8b3]} 50. Kc4 (50. Kd2 $143 Rb4 $44) 50... Rb5 51. Ra3 Rxa5
52. Kb4 Rca6 53. Rea1 Rb5+ 54. Kc4 Rba5 {+/=/=}) 49. Kd2 $5 {[%csl Yd2]
Against black's idea:Be2-g4.} Ra8 50. Ra1 ({Badly right away:} 50. Rg5 {
because of:} a5 $36) 50... Rb8 51. Rg5 Re8 52. Re1 Rcc8 53. Re3 Rc6 54. g4 $5 {
[%mdl 512] It's only chance play to win.} fxg4 ({Good enough:} 54... hxg4 $5
55. h5 gxh5 (55... Rg8 $2 56. h6 {[%cal Gh6h7]} Rcc8 57. Re1 $16 {[%cal Ge1h1]}
) 56. Rg7+ Kf8 57. Rh7 $44 (57. Bf6 $2 a5 58. Re1 $140 h4 $1 $19) (57. Rxd7 $2
Rxc5 $17)) 55. f5 exf5 ({Another alternative is:} 55... gxf5 56. Rxh5 $44) 56.
Rxe8 Kxe8 57. Rxg6 f4 ({Weakly:} 57... Bc4 {in view of:} 58. Ke3 $1 {with
obvious advantage of white.}) 58. Rg5 {[%csl Rh5]} f3 ({Loses:} 58... Bc4 $2
59. Rxh5 $140 Be6 {because of:} 60. Rh7 Kf8 61. h5 {/\Rg7;h6-h7-h8.}) 59. Ke3
Kf7 {[%cal Gc6c8,Gc8e8]} 60. Rxh5 Rc8 61. Rf5+ Ke6 62. Re5+ Kf7 63. Kf4 Re8 64.
Rf5+ ({Most probably draw after:} 64. Rxe8 Kxe8 65. Kxg4 Bc6) 64... Ke6 65.
Kxg4 Rg8+ 66. Kf4 Bc6 $14 67. Re5+ Kf7 68. h5 Rg2 {[%cal Gf3f2]} 69. Re7+ Kf8
70. Re1 Rh2 71. Kg5 Re2 {[%mdl 256]} 72. Rf1 Kf7 73. h6 Rg2+ 74. Kf5 Rh2 75.
Be3 Rh5+ 76. Kg4 Kg6 77. Rxf3 {Desperate attempt play to win.} (77. Kg3 $5 {
+/=/=}) 77... Bxf3+ 78. Kxf3 Rd5 {[%csl Yd5]} 79. Ke4 Rd1 80. Bd4 {[%cal Gc5c6]
} Rc1 {[%csl Yc1]} 81. Bg7 ({Also draw after:} 81. Be3 Rc4+ 82. Kd5 Rxb4 83. c6
Rb5+ 84. Bc5 dxc6+ 85. Kxc6) 81... Rc4+ 82. Kd5 Rxb4 83. Bd4 (83. c6 $4 Rb5+
84. Kc4 dxc6 $19 85. d7 $140 Rd5) 83... Rb5 84. Kc4 Kxh6 85. c6 dxc6 86. Bc5
Rb7 87. Bd4 a5 {Of course,black doesn't have any chances to win in this
endgame,but this game was played in rapid chess.} (87... Kg6 $144 88. Kc5 Kf7
89. Kxc6 Rb4 90. Bc5 Rb8 91. Kc7 Rg8 92. d7 Ke6 $11) 88. Kc5 a4 89. Kxc6 Rb4
90. Be5 Rb1 91. d7 Rc1+ 92. Kb7 Rd1 93. Kc7 {Please pay your attention to the
fantastic work of the white king.} 1/2-1/2

[Event "RUS-ch qual 57th"]
[Site "St Petersburg"]
[Date "2004.05.23"]
[Round "3"]
[White "Landa, Konstantin"]
[Black "Yakovich, Yuri"]
[Result "1-0"]
[WhiteElo "2550"]
[BlackElo "2596"]
[Annotator "Golod,V"]
[PlyCount "119"]
[EventDate "2004.05.21"]
[EventType "swiss"]
[EventRounds "9"]
[EventCountry "RUS"]
[SourceTitle "CBM 102"]
[Source "ChessBase"]
[SourceDate "2004.09.23"]
[SourceVersion "1"]
[SourceVersionDate "2004.09.23"]
[SourceQuality "1"]

1. e4 c5 2. Nf3 Nc6 3. d4 cxd4 4. Nxd4 Nf6 5. Nc3 e6 6. Nxc6 bxc6 7. e5 Nd5 8.
Ne4 Bb7 9. Be2 c5 10. O-O Qc7 11. Nd6+ Bxd6 12. exd6 Qc6 13. f3 {It's main
line.} (13. Bf3 $6 {This move- the first cause of future difficulties.You can
see my annotations to Mitkov,N-Hernandez,G/Merida,2002/CBM 93(0-1)(50)}) 13...
c4 14. Qd4 O-O 15. Bxc4 Rfc8 $5 {Black do not take away back at Pd6, he want
to exchange the queens and to receive ^- BB in the endgame.} (15... Qxd6 {
You can see my comments to Topalov,V-Leko,P/Dubai,2002/CBM 89(1-0)(64)}) 16.
Bb3 $146 {/\c4 Interesting novelty by Konstantin Landa,however it looks like
Black shouldn't have problems there. Besides White has two main alternatives:}
(16. b3 $5 {You can see annotations to game: Leko,P-Topalov,V/Dortmund,2002/
CBM 90(1-0)(Golod,V)(81)}) ({and} 16. Bxd5 $5 {You can see my comments to game:
Kasparov,G-Grischuk,A/Linares,2001/CBM 82(1-0)(45)}) 16... Qxd6 ({Useless is:} 
16... a5 $6 {/\a4, in view of:} 17. c4 $1 Nf6 ({Even worse is:} 17... Nb6 $2
18. Be3 a4 19. Qxb6 Qxb6 20. Bxb6 Ra6 21. Bxa4 $1 Rxb6 22. Bb5 {/\Rfd1 +-}) 18.
a3 $1 (18. a4 $143 {by this move White only creates a weaknesses to himself.}
Ba6 19. Bf4 Rab8 $14) 18... Ba6 19. Bf4 Rab8 20. Ba2 Qb6 21. Qxb6 Rxb6 22. b3
$1 {/\Rfd1+/-}) 17. Rd1 {/\c4} ({In my opinion,less accurate is:} 17. c4 {
because it allows to Black immediately to play:} e5 $5 ({Of course possible
also:} 17... Qb6 18. Rd1 Qxd4+ 19. Rxd4 Nb6 {with transfer to the game.}) 18.
Qf2 $5 ({Leads to nothing:} 18. Qd3 Qc5+ 19. Kh1 Ba6 20. Rd1 (20. Re1 $143 Bxc4
21. Bxc4 Qxc4 22. Qxc4 Rxc4 23. Rxe5 Rac8 $13) 20... Nf6 21. Bg5 Bxc4 22. Bxc4
Qxc4 23. Qxc4 Rxc4 24. Bxf6 gxf6 25. Rxd7 $11) 18... Nb6 19. f4 $1 {[%csl Gf1,
Gf2,Rf7] Strong resource that keeps White chances for the advantage alive.} e4
20. Rd1 Qe7 21. Rd4 $5 $13 {/\Bd2,Re1 with really complicated position.}) 17...
Qb6 {After exchange of the queens, White should play extreme precisely to
receive an advantage.} ({Deserved serious attention:} 17... a5 $5 {the idea
behind the move is to have possibility of "a4" after "c4".} 18. c4 (18. Kh1 $5
$13) 18... a4 19. Bc2 e5 20. Qh4 ({Also leads to nothing:} 20. Bxh7+ Kxh7 21.
Qe4+ Kg8 22. cxd5 Ra5 $1 {and Black is at least not worse.}) 20... Qc5+ 21. Kh1
Nf6 $8 ({Immediately loses unaccurate:} 21... g6 $2 22. Be4 $1 {ץb7} Qxc4 23.
Bh6 $1 {עg8 +-}) 22. Bd3 e4 $5 23. fxe4 Re8 {and Black has a strong pieces
play,that provides to him at least equal position.}) 18. c4 Qxd4+ 19. Rxd4 Nb6
20. Bd2 {/\Ba5 The same position,with rearrangement of moves,has met in one
more game:} (20. Be3 {1/2-1/2 Lautier,J-Illescas Cordoba,M/Cala Galdana,1999
(20)}) ({It was badly:} 20. Rd6 {because of:} Ba6 {קc4.}) 20... d5 ({It was
interestingly:} 20... e5 $5 21. Rd6 (21. Rg4 $140 d5 $1 22. cxd5 Bxd5 23. Bxd5
(23. Bd1 $6 Rc7 {/\Rac8 and white's rook on "g4" is out of the game.}) 23...
Nxd5 $11) 21... Nxc4 22. Bxc4 Rxc4 23. Rxd7 Bc6 24. Re7 e4 $11) 21. cxd5 Bxd5
$11 22. Bd1 ({Of course not:} 22. Bxd5 $6 Nxd5 {/\Rc2 and black's strong
knight provides to him strong long period of initiative.}) 22... Nc4 ({In my
mind it was better:} 22... e5 23. Rd3 ({A little bit worse is:} 23. Rb4 $6 f6)
23... Be6 $11 {Although White has two strong bishops,Black has enough
counterplay,thanking to lack of coordination between white pieces.Black wants
to reconstruct his pieces,with both Nc4 and Nd5 ideas,while White has no real
plan to proceed his position.}) 23. Bc1 {/\b3} Rab8 24. b3 Nd6 25. Bb2 $5 {
In my opinion, it is better to place the bishop on the /^ c1-h6 ,and not in
the big diagonal.} (25. Bf4 $142 Rb6 26. Rd2 {[%csl Yd2][%cal Gd1e2,Yd2c2]
protecting from possible entries of the rook to "c2".} Rbc6 27. Be2 $14) 25...
Rc6 (25... Nb5 26. Ra4 Rb7 {/\Nc3 =}) 26. Ra4 Nb5 $6 ({Good enough for
equality was:} 26... a6 27. Kf2 Rbc8 $11) 27. Rb4 $6 {White misses a good
chance to get small advantage:} (27. Be2 $5 {קa7} a6 28. Be5 $1 Rb7 (28...
Rbc8 29. Rg4 g6 30. Rb4 {/\a4 +/=}) 29. Rg4 g6 30. Rd1 $14 {/\h4,and White has
small but a solid advantage, thanking to Black's bad pawn structure.}) 27...
Rbb6 28. Kf2 Nc3 29. Bxc3 Rxc3 30. Rxb6 axb6 $11 {[%csl Gd5]} 31. Ke2 Kf8 32.
Kd2 Rc7 33. Rc1 Ra7 ({Also possible was:} 33... Rxc1 $5 34. Kxc1 Ke7 35. a4
$140 Kd6 36. b4 Ke5 $11 (36... e5 $5 {/\f5 =})) 34. a4 Ke7 35. Rc8 Kd6 (35...
e5 $5 {/\e4} 36. Bc2 g6 {/\Rd7}) 36. Kc3 Bc6 37. Rd8+ Rd7 38. Rg8 (38. Rxd7+
Bxd7 39. b4 g5 40. Kc4 Bc6 41. a5 bxa5 42. bxa5 f5 {+/=/=}) 38... g6 39. Be2 h5
40. h4 {[%csl Re6,Rf7,Rg6,Gh4,Rh5]} Bd5 41. Rc8 Bb7 42. Rb8 Kc7 43. Rf8 Bd5 44.
Bb5 Bc6 45. Ba6 Bb7 46. Bc4 Bc6 47. Kb4 Bb7 48. Ka3 Bc6 49. b4 b5 $2 {Decided
game mistake.Black loses his calmness after a long defence.} ({It was
necessary to keep tension with:} 49... Kd6 {/\Ra7} 50. Ba6 (50. Rc8 $5 {
with threat 51.Rxc6 Kxc6 52.Bb5+ with a winning endgame.} Ra7 51. b5 Bb7 52.
Rd8+ (52. Rf8 Bd5) 52... Kc5 53. Kb3 {/\Rd7} Bd5 54. Rc8+ Kd4 $13 {with strong
drawish tendency.}) 50... Ke5 {[%csl Rh4][%cal Ge5f4,Gf4g3]} (50... Bd5 $5 51.
b5 Rc7 52. Rd8+ Ke7) 51. a5 bxa5 52. b5 Bd5 53. Ka4 Kf4 54. Rc8 Kg3 55. Rc2 e5
{/\e4 ~~}) 50. axb5 $16 Bd5 51. Bxd5 $5 ({Deserved serious attention:} 51. Kb3
$5 Kb6 52. Kc3 Bxc4 ({Of course not:} 52... Rc7 $2 53. Rb8+ Ka7 $140 $2 (53...
Bb7 54. Kd4 $16) 54. b6+ Kxb8 55. bxc7+ Kxc7 56. Bxd5 exd5 57. Kd4 Kc6 58. f4
$18) 53. Kxc4 Rc7+ 54. Kd4 Kxb5 55. Rb8+ Ka4 56. b5 $16 {[%csl Gb5,Rf7][%cal
Gd4e5,Ge5f6] White has good chances to win this endgame because of activity of
his king.}) 51... Rxd5 $2 {After this move,Black is completely lost.} ({
The only move,that left a some chances to Black was:} 51... exd5 $5 {o^} 52.
Kb2 d4 53. Kc2 ({Interestingly,but not effectively:} 53. g4 Kb6 $1 (53... d3 $6
54. Kc1 Kb6 55. gxh5 gxh5 56. Rb8+ Kc7 57. Rh8 Rd5 58. Rh7 Rf5 59. Kd2 $16 {
White remains with an extra-pawn and excellent chances for win.}) 54. gxh5 gxh5
55. Rb8+ Kc7 56. Rh8 Rd5 57. Kc2 Rxb5 58. Kd3 Rxb4 59. Rxh5 Kd7 $11 {and a
draw is only a matter of good defence.}) 53... d3+ 54. Kd2 Kb6 55. Rb8+ Kc7 56.
Re8 $1 Kb6 57. Re5 {with threat to create a leading pawn after "g4".} Rd4 58.
g3 Rxb4 59. Re7 $1 {Very strong idea. White gives up his extra pawn on "b" ,
but destroys Black's kingside pawns structure.} (59. Kxd3 $143 Rb3+ 60. Ke4
Rb4+ 61. Ke3 Rb3+ 62. Kf4 Rb4+) 59... Rb2+ 60. Kxd3 Rg2 61. Kc4 {and White has
a good chance to win.}) 52. Rxf7+ Kb6 53. Rg7 $18 {The rest is easy job for
White.} Kxb5 54. Rxg6 Rd3+ 55. Kb2 Kxb4 ({Does not help:} 55... Re3 56. Kc2
Kxb4 57. Kd2 Ra3 58. Ke2 $1 $18 {[%csl Ye2,Re6,Rh5][%cal Gg6g5,Gg6e6,Gg5h5]})
56. Kc2 Rd4 57. g3 e5 58. Rg5 e4 59. fxe4 Rxe4 60. Kd3 $1 {[%csl Rh5][%cal
Gg5h5]} 1-0

[Event "EU-Cup 16th"]
[Site "Neum"]
[Date "2000.09.25"]
[Round "2.2"]
[White "Varga, Zoltan"]
[Black "Filippov, Valerij"]
[Result "1-0"]
[WhiteElo "2541"]
[BlackElo "2593"]
[Annotator "Golod,V"]
[PlyCount "55"]
[EventDate "2000.09.24"]
[EventType "team-swiss"]
[EventRounds "7"]
[EventCountry "BIH"]
[SourceTitle "CBM 080"]
[Source "ChessBase"]
[SourceDate "2001.01.25"]
[SourceVersion "1"]
[SourceVersionDate "2001.01.25"]
[SourceQuality "1"]
[WhiteTeam "Miskolci"]
[BlackTeam "Tomsk Siberia"]
[WhiteTeamCountry "HUN"]
[BlackTeamCountry "RUS"]

1. e4 c5 2. Nf3 e6 3. d4 cxd4 4. Nxd4 Nf6 5. Nc3 Nc6 6. Nxc6 bxc6 7. e5 Nd5 8.
Ne4 Qc7 9. f4 Qa5+ 10. Bd2 Qb6 11. Bd3 (11. c4 $6 {See comments to Nataf,
I-Filippov,V/ Koszalin,1999/ 1-0 [Golod] (38)}) 11... Be7 (11... Ba6 $6 {
See comments to Hector,J-Ziegler,A/ Goteborg,1999/CBM 69(1-0)(Golod,V)(37)})
12. Qe2 ({Another options is:} 12. c4 $5 {See comments to Fedorov,A-Khalifman,
A/ Samara,1998/ 1/2-1/2 [Golod] (27)}) 12... a5 {In my opinion this
continuation better,than:} (12... Bb7 $6 {(and 12...f5).See comments to Smirin,
I-Filippov,V/Elista,1998/CBM 66 (1-0)(Golod,V)(54)}) 13. c4 f5 14. Nd6+ $1 $14
{[%mdl 4] This move was offered me in the CBM 76. Comment up to this move, and
also to-14.exf6?! you can see in the game: Peng Xiaomin-Ye Jiangchuan/Shanghai,
2000/ 1/2-1/2 [Golod] (25).} Bxd6 15. exd6 Nf6 {This deviation considerably
better,than:} (15... Qxb2 $2 16. Rb1 Qxa2 17. cxd5 Qxd5 18. Bc3 $16) 16. Bc3 {
Most probably this move is better, than considered by me:} (16. Qe5 $5 {
[%cal Gc4c5,Gd3f5]} O-O (16... c5 $2 17. Bxf5 $16) (16... Ng4 $2 17. Qxg7 Qf2+
18. Kd1 $18 {[%csl Re8,Rh8][%cal Gg7e7,Gg7h8]}) 17. c5 $14) 16... O-O 17. O-O-O
c5 $146 {I consider,that it not an absolutely successful novelty.} (17... Qc5
$5 18. Qe5 Qxe5 19. Bxe5 $6 (19. fxe5 $142) 19... c5 20. h3 Bb7 21. Rhg1 Ne4
$14 {Macieja,B-Beshukov,S/ Saint Vincent 2000/ 1/2-1/2 (38)}) 18. Be5 $5 ({
On my sight is strong enough:} 18. Bc2 $5 {/\h3,g4 with the beginning of
attack.}) 18... Ng4 $6 ({It was necessary to deduce the bishop on the large
diagonal:} 18... Bb7 19. Rhg1 Rab8 20. h3 $14 {[%cal Gg2g4]}) 19. h3 Nxe5 20.
Qxe5 $1 $16 {[%csl Rc5,Rg8] On it the field queen carries out double work: 1)
accepts direct participation in attack; 2)attacks on pawn "c5" and thus
distracts the black's queen.} Ra6 $6 ({Can be recommended:} 20... Qb4 {/\Ba6
(xPc4)+/-}) 21. Bc2 {[%csl Yd1,Ye5,Rg8][%cal Gg2g4,Gh1g1]} Qb4 ({After:} 21...
Qd8 $5 {black bear material losses:} 22. Qxc5 Rc6 23. Qd4 Ba6 24. b3 $16 {
[%cal Gg2g4]}) 22. g4 $1 $40 {The rate in attack is more important, than
pawn"c4".} Qxc4 23. Rhg1 Qxa2 ({Also white has a easy win,after:} 23... fxg4
24. Rxg4 Rf7 25. f5 Qxa2 26. Rdg1 $18 {[%csl Rg8]} (26. Ra4 $5 Rxf5 27. Qe4 $18
{[%csl Ra2]})) 24. gxf5 Rf7 25. Rg3 $18 Qa1+ {[%csl Rg8][%cal Gd1g1]} (25...
Rb6 $144 26. Rdg1 Qa1+ 27. Bb1 Qxb2+ 28. Qxb2 Rxb2 29. Kxb2 $18 exf5 $140 30.
Ba2 {[%csl Rf7,Rg8]}) 26. Kd2 Qa2 {[%csl Rd2][%cal Ga2d5]} 27. Bb3 Rxd6+ 28.
Kc2 $1 {[%csl Ra2,Rd6] Zoltan Varga purposefully enough has lead this game and
his play deserves all praise.} 1-0